[Event "7th European Individual Senior Champion."]
[Site "Hockenheim, Germany"]
[Date "2007.06.03"]
[Round "2.45"]
[White "Ofstad, Per"]
[Black "Werner, Alfons"]
[Result "1/2-1/2"]
[WhiteElo "2169"]
[BlackElo "1743"]
[PlyCount "62"]
[EventDate "2007.??.??"]

1. e4 c6 2. d4 d5 3. exd5 cxd5 4. Bd3 Nc6 5. c3 Nf6 6. Bf4 e6 7. Nf3 g6 8. Nbd2
Bg7 9. h3 b6 10. O-O O-O 11. Re1 Bb7 12. Ne5 Rc8 13. Nxc6 Bxc6 14. Nf3 Bb7 15.
Qa4 a6 16. Nd2 Re8 17. Qd1 Nd7 18. Nf3 Nb8 19. Qd2 Nc6 20. Qe2 b5 21. Ne5 Nxe5
22. Bxe5 Bxe5 23. Qxe5 Qc7 24. Qe3 Kg7 25. h4 h5 26. Qg5 Qe7 27. Qg3 b4 28.
Rac1 bxc3 29. Rxc3 Rxc3 30. bxc3 Rc8 31. Be2 Qc7 1/2-1/2

[Event "7th European Individual Senior Champion."]
[Site "Hockenheim, Germany"]
[Date "2007.06.03"]
[Round "2.46"]
[White "Stull, Norbert"]
[Black "Ovesen, Karsten"]
[Result "1-0"]
[WhiteElo "2144"]
[BlackElo "1428"]
[PlyCount "77"]
[EventDate "2007.??.??"]

1. d4 Nf6 2. c4 d5 3. cxd5 Qxd5 4. Nc3 Qd8 5. Nf3 Bf5 6. Qb3 Qc8 7. Bf4 c6 8.
Rc1 e6 9. e3 Nbd7 10. Be2 Be7 11. O-O O-O 12. h3 Nb6 13. Nh4 Be4 14. Nxe4 Nxe4
15. Nf3 Qd8 16. Bd3 Nf6 17. e4 h6 18. a4 Nh5 19. Be3 Nf6 20. a5 Nbd7 21. a6
bxa6 22. Rxc6 Rb8 23. Qa2 Rb6 24. Rxb6 Qxb6 25. Nd2 a5 26. Nc4 Qb5 27. Qxa5 Qb7
28. f3 Rb8 29. Ra1 Qb3 30. Qc3 Qb7 31. Qd2 Bb4 32. Qf2 a5 33. Bf4 Ra8 34. Rc1
Qb5 35. Ne5 Qa4 36. Nxd7 Nxd7 37. Qe2 Nf6 38. Bb5 Qa2 39. Qc2 1-0

[Event "7th European Individual Senior Champion."]
[Site "Hockenheim, Germany"]
[Date "2007.06.03"]
[Round "2.47"]
[White "Rahn, Oskar"]
[Black "Egger, Herbert"]
[Result "1-0"]
[WhiteElo "2122"]
[BlackElo "1834"]
[PlyCount "63"]
[EventDate "2007.??.??"]

1. e4 e5 2. Nf3 Nc6 3. d4 exd4 4. Nxd4 Nxd4 5. Qxd4 c5 6. Qd1 Ne7 7. Nc3 Ng6 8.
Be2 Be7 9. O-O O-O 10. Be3 d6 11. f4 Bd7 12. Qd2 Bc6 13. Nd5 Bxd5 14. Qxd5 Qc7
15. Rad1 Rad8 16. Rf3 Bf6 17. Rh3 Rfe8 18. c3 a6 19. a4 Ne7 20. Qh5 h6 21. g4
Ng6 22. g5 hxg5 23. f5 Rxe4 24. fxg6 Rh4 25. Rxh4 gxh4 26. Bc4 Kf8 27. gxf7 b6
28. Bf4 Be5 29. Bxe5 dxe5 30. Rxd8+ Qxd8 31. Qh8+ Ke7 32. Qxd8+ 1-0

[Event "7th European Individual Senior Champion."]
[Site "Hockenheim, Germany"]
[Date "2007.06.03"]
[Round "2.48"]
[White "Onoprienko, Vladimir"]
[Black "Schwertel, Johann"]
[Result "1-0"]
[WhiteElo "2342"]
[BlackElo "1993"]
[PlyCount "41"]
[EventDate "2007.??.??"]

1. e4 e6 2. Nf3 d5 3. Nc3 c6 4. d4 Nd7 5. Bd3 dxe4 6. Nxe4 Ngf6 7. Qe2 Be7 8.
Bd2 Nxe4 9. Bxe4 Nf6 10. Bd3 Qc7 11. O-O-O O-O 12. h4 Bd6 13. h5 Bf4 14. g3
Bxd2+ 15. Rxd2 b6 16. Rh4 Bb7 17. g4 c5 18. g5 c4 19. gxf6 cxd3 20. Qe3 Bxf3
21. Qg5 1-0

[Event "7th European Individual Senior Champion."]
[Site "Hockenheim, Germany"]
[Date "2007.06.03"]
[Round "2.49"]
[White "Visser, Gerrit"]
[Black "Straub, Hermann"]
[Result "1-0"]
[WhiteElo "2240"]
[BlackElo "1993"]
[PlyCount "63"]
[EventDate "2007.??.??"]

1. e4 b6 2. d4 Bb7 3. Nc3 e6 4. Bd3 Nf6 5. Nf3 Bb4 6. Qe2 d5 7. e5 Ne4 8. O-O
Nxc3 9. bxc3 Bxc3 10. Bg5 Qc8 11. Rad1 Ba6 12. Qe3 Ba5 13. Bh4 h6 14. c4 Bb7
15. Rc1 O-O 16. Rfd1 Nd7 17. Bb1 Re8 18. c5 c6 19. h3 b5 20. Bg3 Bd8 21. Bf4
Nf8 22. Nh2 g5 23. Bg3 Ng6 24. Ng4 Kg7 25. h4 Rh8 26. h5 Nf4 27. Bxf4 gxf4 28.
Qxf4 Bg5 29. Qg3 Rg8 30. f4 Kf8 31. fxg5 Rxg5 32. Rf1 1-0

[Event "7th European Individual Senior Champion."]
[Site "Hockenheim, Germany"]
[Date "2007.06.03"]
[Round "2.50"]
[White "Niebling, Ferdinand"]
[Black "Haug, Kjell"]
[Result "0-1"]
[WhiteElo "2226"]
[BlackElo "1967"]
[PlyCount "138"]
[EventDate "2007.??.??"]

1. e4 e5 2. Nf3 Nc6 3. Bb5 d6 4. d4 exd4 5. Qxd4 Bd7 6. Bxc6 Bxc6 7. Nc3 Nf6 8.
Bg5 Be7 9. O-O-O h6 10. Bh4 O-O 11. e5 dxe5 12. Qc4 Nd7 13. Bg3 Bg5+ 14. Kb1
Qe7 15. Rhe1 Nb6 16. Qe2 e4 17. Ne5 Qc5 18. Nxe4 Bxe4 19. Qxe4 c6 20. Nd7 Nxd7
21. Rxd7 Qb5 22. a4 Qa6 23. Bc7 Bf6 24. Qb4 b5 25. a5 Rac8 26. Red1 Rfe8 27.
Qc5 Ra8 28. Qh5 Rf8 29. Bd6 Qxa5 30. Bxf8 Rxf8 31. Qc5 a6 32. R7d3 Qc7 33. Rd6
Rc8 34. Qf5 Re8 35. Qd7 Qxd7 36. Rxd7 Re2 37. R7d2 Re6 38. f4 a5 39. Rd6 Re2
40. R1d2 Re1+ 41. Ka2 c5 42. Rb6 b4 43. Rb5 c4 44. Rxa5 c3 45. bxc3 Bxc3 46.
Rd8+ Kh7 47. Kb3 Re2 48. g4 Rxh2 49. Ra7 Rg2 50. Rxf7 Rxg4 51. f5 h5 52. Rd3 h4
53. Rh3 Bf6 54. Rd7 Rf4 55. Rd5 Kh6 56. Rb5 Bc3 57. Rd5 Kg5 58. f6+ Kxf6 59.
Rc5 g5 60. Rc4 Kf5 61. Rh1 Rxc4 62. Kxc4 Kf4 63. Kd3 Kf3 64. Rf1+ Kg2 65. Ke2
g4 66. Rf2+ Kg3 67. Rf1 h3 68. Rf7 Kh2 69. Kf2 Kh1 0-1

[Event "7th European Individual Senior Champion."]
[Site "Hockenheim, Germany"]
[Date "2007.06.03"]
[Round "2.51"]
[White "Klein, Klaus"]
[Black "Frantzke, Helmut"]
[Result "1-0"]
[WhiteElo "2120"]
[BlackElo "1955"]
[PlyCount "79"]
[EventDate "2007.??.??"]

1. e4 c6 2. d4 d5 3. Nc3 g6 4. f3 Bg7 5. Be3 Qb6 6. Rb1 dxe4 7. fxe4 e5 8. Nf3
Bg4 9. Qd2 Bxf3 10. dxe5 Qa5 11. gxf3 Qxe5 12. Bc4 Nf6 13. Bd4 Qe7 14. Qe3 Nbd7
15. Ne2 Ne5 16. Bb3 b6 17. Qc3 Nfd7 18. f4 Qh4+ 19. Bf2 Qxf2+ 20. Kxf2 Ng4+ 21.
Kf3 Bxc3 22. Nxc3 h5 23. Rbd1 Nc5 24. h3 Nf6 25. Rd6 Ke7 26. Rxc6 Nxb3 27. axb3
Rhd8 28. Rc7+ Rd7 29. Rxd7+ Nxd7 30. Nd5+ Kf8 31. b4 Rc8 32. c3 a5 33. Ra1 axb4
34. Nxb4 Nc5 35. Nd5 Rb8 36. Ra7 Ne6 37. Nc7 Nc5 38. b4 Nb3 39. Ke3 Ke7 40. Ra3
1-0

[Event "7th European Individual Senior Champion."]
[Site "Hockenheim, Germany"]
[Date "2007.06.03"]
[Round "2.52"]
[White "Scholz, Herbert Dr"]
[Black "Ellinger, Hans Dr"]
[Result "1-0"]
[WhiteElo "1978"]
[BlackElo "2115"]
[PlyCount "38"]
[EventDate "2007.??.??"]

1. e4 e6 2. d4 d5 3. Nc3 Bb4 4. e5 c5 5. a3 Ba5 6. b4 cxd4 7. Qg4 Ne7 8. bxa5
dxc3 9. Qxg7 Rg8 10. Qxh7 Nbc6 11. Nf3 Qxa5 12. Ng5 Rf8 13. f4 Bd7 14. Rb1 Nd8
15. Qd3 Rh8 16. Nh7 Nf5 17. Nf6+ Ke7 18. a4 Rc8 19. Ba3+ Rc5 1-0

[Event "7th European Individual Senior Champion."]
[Site "Hockenheim, Germany"]
[Date "2007.06.03"]
[Round "2.53"]
[White "Mueller, Waldemar"]
[Black "Alvarez Escudero, Manuel"]
[Result "1/2-1/2"]
[WhiteElo "2115"]
[BlackElo "1945"]
[PlyCount "101"]
[EventDate "2007.??.??"]

1. e4 e5 2. Nf3 Nc6 3. d4 exd4 4. Nxd4 Nge7 5. Bc4 d6 6. Bg5 Nxd4 7. Qxd4 Nc6
8. Qd5 Be6 9. Bxd8 Bxd5 10. exd5 Ne5 11. Bb5+ Kxd8 12. O-O c6 13. Ba4 Kc7 14.
Bb3 f6 15. Re1 c5 16. f4 Ng6 17. g3 b5 18. c4 bxc4 19. Bxc4 Rb8 20. b3 Be7 21.
Nc3 Rhe8 22. Bb5 Red8 23. h4 Bf8 24. Re6 Ne7 25. Bd3 h6 26. Rae1 Nc8 27. Bb5
Rb6 28. Bc6 a6 29. Re8 Rxe8 30. Rxe8 Be7 31. f5 Rb4 32. Rg8 Rg4 33. Kf2 Bd8 34.
Kf3 h5 35. Rh8 Rd4 36. Ke3 Ne7 37. Rxh5 Nxc6 38. dxc6 Kxc6 39. Rh7 Ba5 40. Ne2
Bd2+ 41. Kf2 Rd5 42. g4 Bh6 43. Rh8 Rd2 44. a4 Rb2 45. Rb8 d5 46. a5 c4 47. Kf3
Kd7 48. Rb6 Rxb3+ 49. Rxb3 cxb3 50. Nc3 Kc6 51. Ke2 1/2-1/2

[Event "7th European Individual Senior Champion."]
[Site "Hockenheim, Germany"]
[Date "2007.06.03"]
[Round "2.54"]
[White "Sevenyuk, Alexey"]
[Black "Khazankin, Moisei"]
[Result "1-0"]
[WhiteElo "1940"]
[BlackElo "2112"]
[PlyCount "66"]
[EventDate "2007.??.??"]

1. e4 c5 2. c3 Nf6 3. e5 Nd5 4. d4 cxd4 5. Nf3 Nc6 6. Bc4 Nb6 7. Bb3 d5 8. cxd4
Bg4 9. Be3 e6 10. h3 Bb4+ 11. Kf1 Bh5 12. a3 Be7 13. Nbd2 O-O 14. g4 Bg6 15. h4
Bd3+ 16. Kg1 f5 17. Ng5 Qd7 18. gxf5 Bxf5 19. Bc2 h6 20. Bxf5 Rxf5 21. Qh5 hxg5
22. hxg5 Bf8 23. Nf3 Qe8 24. Qh7+ Kf7 25. Nh4 Qd7 26. Nxf5 exf5 27. Rh6 Ke8 28.
e6 Qd6 29. Qg6+ Kd8 30. Rh8 f4 31. Qxg7 Nd7 32. exd7 fxe3 33. Rxf8+ Kc7 1-0

[Event "7th European Individual Senior Champion."]
[Site "Hockenheim, Germany"]
[Date "2007.06.03"]
[Round "2.55"]
[White "Fedotov, Oleksandr"]
[Black "Zakharova, Lidiya"]
[Result "1-0"]
[WhiteElo "2100"]
[BlackElo "1938"]
[PlyCount "87"]
[EventDate "2007.??.??"]

1. c4 g6 2. g3 c6 3. Bg2 Bg7 4. Nf3 Nf6 5. O-O O-O 6. Nc3 d5 7. cxd5 cxd5 8. d4
Nc6 9. Ne5 e6 10. Bg5 Qb6 11. Nxc6 bxc6 12. Na4 Qb4 13. a3 Qd6 14. Bf4 Qe7 15.
Rc1 Bd7 16. Nc5 Rfb8 17. Bxb8 Rxb8 18. b4 Ne8 19. f4 Nd6 20. Rf3 Nc4 21. Qd3
Nd6 22. Rff1 Be8 23. e3 h5 24. Nb3 Qb7 25. Na5 Qb6 26. Rc2 Bf6 27. Rfc1 Rc8 28.
Bf1 Nf5 29. Kf2 Bd7 30. h3 Nd6 31. Qa6 Bxd4 32. Qxb6 Bxb6 33. Nxc6 Nf5 34. Nd4
Rxc2+ 35. Nxc2 Ba4 36. Bd3 Bxc2 37. Rxc2 Nxe3 38. Rc8+ Kg7 39. Ke2 d4 40. Be4
Kf6 41. a4 Ke7 42. a5 Bd8 43. Ra8 Nc4 44. Rxa7+ 1-0

[Event "7th European Individual Senior Champion."]
[Site "Hockenheim, Germany"]
[Date "2007.06.03"]
[Round "2.56"]
[White "Zachariassen, John"]
[Black "Taksrud, Vidar"]
[Result "0-1"]
[WhiteElo "1933"]
[BlackElo "2099"]
[PlyCount "114"]
[EventDate "2007.??.??"]

1. c4 e5 2. Nc3 Nf6 3. g3 Bb4 4. Qb3 Nc6 5. Bg2 Nd4 6. Qd1 O-O 7. Nf3 Re8 8.
O-O c6 9. d3 d6 10. h3 Qe7 11. e4 Ne6 12. Ne2 Bc5 13. Rb1 a5 14. b3 b5 15. Ne1
b4 16. Nc2 Bb7 17. Ne3 g6 18. Kh2 Rad8 19. f4 exf4 20. gxf4 Nh5 21. f5 Nd4 22.
Ng4 Nxf5 23. Rxf5 gxf5 24. Nh6+ Kf8 25. Nxf5 Qe5+ 26. Neg3 Bf2 27. Qxh5 Bxg3+
28. Kh1 Re6 29. Bb2 Qf4 30. Rf1 Qd2 31. Bg7+ Ke8 32. Nxg3 Rg6 33. Qf3 Rxg7 34.
Rf2 Qc1+ 35. Kh2 Bc8 36. Nh5 Qc3 37. Nxg7+ Qxg7 38. d4 c5 39. dxc5 dxc5 40. Qh5
Rd3 41. Rf3 Rxf3 42. Bxf3 Be6 43. Qxc5 Qb2+ 44. Kg3 Qxa2 45. Qb5+ Ke7 46. Qc5+
Kf6 47. e5+ Kg7 48. Qe7 Qd2 49. Qf6+ Kg8 50. h4 h6 51. c5 Qc3 52. c6 a4 53.
bxa4 b3 54. Qd8+ Kh7 55. Kf4 Qc1+ 56. Kg3 Qe3 57. Qb8 Bd5 0-1

[Event "7th European Individual Senior Champion."]
[Site "Hockenheim, Germany"]
[Date "2007.06.03"]
[Round "2.58"]
[White "Roehrl, Bruno"]
[Black "Drozdov, Vladimir E"]
[Result "1/2-1/2"]
[WhiteElo "1911"]
[BlackElo "2094"]
[PlyCount "87"]
[EventDate "2007.??.??"]

1. d4 d5 2. Nf3 Nf6 3. c4 e6 4. Nc3 Nbd7 5. cxd5 exd5 6. Bg5 c6 7. e3 Be7 8.
Bd3 Nf8 9. h3 Ne6 10. Bh4 g6 11. Qc2 Ng7 12. Bg3 Bf5 13. Be5 Bxd3 14. Qxd3 O-O
15. O-O Nf5 16. a3 Nd6 17. Nd2 Qd7 18. b4 Rfd8 19. Rab1 b5 20. Bxd6 Qxd6 21.
Nb3 Nd7 22. e4 dxe4 23. Nxe4 Qd5 24. Qf3 f5 25. Ned2 Nb6 26. Qxd5+ Rxd5 27. Na5
Rxd4 28. Nxc6 Rxd2 29. Nxe7+ Kf7 30. Nc6 Nc4 31. Ra1 a6 32. a4 Re8 33. axb5
axb5 34. Rfe1 Ree2 35. Ra7+ Kg8 36. Rxe2 Rxe2 37. Nd4 Re1+ 38. Kh2 Rb1 39. Nxb5
Rxb4 40. Nc7 Rb2 41. Nd5 Rxf2 42. Nf6+ Kf8 43. Nxh7+ Kg8 44. Nf6+ 1/2-1/2

[Event "7th European Individual Senior Champion."]
[Site "Hockenheim, Germany"]
[Date "2007.06.03"]
[Round "2.59"]
[White "Bauer, Armin Dr"]
[Black "Hutchinson, Norman A"]
[Result "0-1"]
[WhiteElo "1902"]
[BlackElo "2087"]
[PlyCount "78"]
[EventDate "2007.??.??"]

1. d4 Nf6 2. c4 e6 3. Nf3 b6 4. e3 Bb7 5. Bd3 Ne4 6. O-O f5 7. Nc3 Nxc3 8. bxc3
Be7 9. Re1 O-O 10. e4 fxe4 11. Bxe4 Bxe4 12. Rxe4 Bf6 13. Ba3 Re8 14. Qe1 Nc6
15. Rd1 Na5 16. d5 Nxc4 17. dxe6 Nxa3 18. Rxd7 Qc8 19. Rd5 c6 20. Rh5 Nb5 21.
Ng5 Bxg5 22. Rxg5 Re7 23. f4 Qf8 24. g4 Rd8 25. c4 Nd4 26. Qe3 Qf6 27. Rge5 c5
28. f5 h6 29. Kg2 Nc6 30. Kg3 Kf8 31. Rd5 Ree8 32. h4 Nb4 33. Rxd8 Qxd8 34. f6
Qd3 35. Qxd3 Nxd3 36. g5 Nb4 37. Kf4 Nc6 38. Kf5 Nd4+ 39. Ke5 Rxe6+ 0-1

[Event "7th European Individual Senior Champion."]
[Site "Hockenheim, Germany"]
[Date "2007.06.03"]
[Round "2.60"]
[White "Barlo, Werner"]
[Black "Masich, Vladimir"]
[Result "1/2-1/2"]
[WhiteElo "1871"]
[BlackElo "2079"]
[PlyCount "150"]
[EventDate "2007.??.??"]

1. d4 d5 2. c4 c6 3. Nc3 Nf6 4. e3 e6 5. a3 Nbd7 6. Bd3 dxc4 7. Bxc4 b5 8. Bd3
Bb7 9. Nf3 a5 10. O-O b4 11. Na4 Be7 12. Bd2 O-O 13. axb4 axb4 14. Qe2 c5 15.
dxc5 Rxa4 16. Rxa4 Nxc5 17. Bb5 Nxa4 18. Bxa4 Qa8 19. Bb5 Rd8 20. Rd1 Bd5 21.
Bc4 Bxc4 22. Qxc4 Ne4 23. Qe2 Qa4 24. Rc1 Qa2 25. Be1 Nc3 26. Qc2 Nd5 27. Nd4
Bf8 28. Nb3 Qa6 29. g3 Qb6 30. Nd4 g6 31. Nb3 Rd7 32. Qc6 Qxc6 33. Rxc6 Rc7 34.
Nd4 Ra7 35. Rc2 Ra1 36. Kf1 h5 37. h4 Bg7 38. Ke2 Rb1 39. Bd2 Bxd4 40. exd4 Kg7
41. Bc1 Kf6 42. Be3 b3 43. Rd2 Nb4 44. Bg5+ Kf5 45. Be7 Nc2 46. Kd3 Re1 47. Kc3
Na1 48. Bg5 Ke4 49. Be3 Kd5 50. Rd3 Re2 51. Rd2 Re1 52. Rd3 f6 53. Kd2 Rb1 54.
Kc3 Ke4 55. d5 exd5 56. Rd4+ Ke5 57. Bf4+ Ke6 58. Rb4 Rf1 59. Rb6+ Kf5 60. Be3
Nc2 61. Bc5 d4+ 62. Bxd4 Nxd4 63. Kxd4 Rxf2 64. Rxb3 g5 65. Ke3 Rc2 66. hxg5
fxg5 67. Rb4 Rc5 68. Kf3 g4+ 69. Ke3 Re5+ 70. Kf2 Ke6 71. Rb6+ Kd7 72. Rb7+ Kc6
73. Rb8 Kc5 74. Rc8+ Kb6 75. Rb8+ Kc6 1/2-1/2

[Event "7th European Individual Senior Champion."]
[Site "Hockenheim, Germany"]
[Date "2007.06.03"]
[Round "2.61"]
[White "Delander, Adolf"]
[Black "Schwichtenberg, Juergen"]
[Result "1/2-1/2"]
[WhiteElo "2075"]
[BlackElo "1911"]
[PlyCount "31"]
[EventDate "2007.??.??"]

1. d4 Nf6 2. Nf3 d5 3. e3 Bg4 4. Be2 e6 5. O-O Be7 6. Nbd2 O-O 7. c4 c5 8. dxc5
Bxc5 9. cxd5 Nxd5 10. Nb3 Be7 11. Bd2 Nd7 12. e4 N5f6 13. Nfd4 Bxe2 14. Qxe2
Nc5 15. Nxc5 Bxc5 16. Nb3 1/2-1/2

[Event "7th European Individual Senior Champion."]
[Site "Hockenheim, Germany"]
[Date "2007.06.03"]
[Round "2.62"]
[White "Strozewski, Guenter"]
[Black "Husser, Oskar"]
[Result "1-0"]
[WhiteElo "1852"]
[BlackElo "2073"]
[PlyCount "144"]
[EventDate "2007.??.??"]

1. e4 d5 2. exd5 Nf6 3. d4 Bg4 4. Be2 Bxe2 5. Nxe2 Qxd5 6. O-O Nc6 7. Nbc3 Qf5
8. Ng3 Qd7 9. Be3 O-O-O 10. Qe2 Nxd4 11. Bxd4 Qxd4 12. Rad1 Qb6 13. Rxd8+ Kxd8
14. Rd1+ Nd7 15. Qd3 Qc6 16. Nb5 a6 17. Nd4 Qg6 18. Qf3 Kc8 19. Nb3 Ne5 20. Qe3
Nc6 21. Nd4 Nxd4 22. Qxd4 Qd6 23. Qg4+ Qe6 24. Qa4 Qc6 25. Qb3 e6 26. Ne2 Bc5
27. Qg3 g6 28. Qe5 Rf8 29. c3 Qb5 30. b4 Qa4 31. Rd2 Bd6 32. Qg7 Qe8 33. h3 h5
34. Rd4 f6 35. Qh6 e5 36. Rd1 Rh8 37. Qe3 g5 38. Qa7 h4 39. Qa8+ Kd7 40. Qxb7
Qa8 41. Qd5 Qxd5 42. Rxd5 Kc6 43. Rd1 Kb5 44. Rd5+ Kc6 45. Rd1 f5 46. Nc1 g4
47. Rd3 e4 48. Re3 Bf4 49. Re1 Bd2 50. Rd1 Bxc3 51. Nb3 Bxb4 52. Nd4+ Kc5 53.
Nxf5 gxh3 54. gxh3 Bc3 55. Rd7 c6 56. Re7 Rh5 57. Ne3 Kd4 58. Rd7+ Kc5 59. Re7
Re5 60. Rh7 Kb4 61. Rxh4 Ka3 62. Nc4+ Kxa2 63. Nxe5 Bxe5 64. Rxe4 Bc3 65. Ra4+
Kb3 66. Rxa6 c5 67. Kf1 c4 68. Ke2 Bb4 69. Kd1 c3 70. Rb6 Kc4 71. Kc2 Bc5 72.
Rc6 Kd5 1-0

[Event "7th European Individual Senior Champion."]
[Site "Hockenheim, Germany"]
[Date "2007.06.03"]
[Round "2.63"]
[White "Ladstetter, Josef"]
[Black "Smits, Oswald"]
[Result "1/2-1/2"]
[WhiteElo "2066"]
[BlackElo "1894"]
[PlyCount "40"]
[EventDate "2007.??.??"]

1. d4 Nf6 2. Nf3 e6 3. e3 d5 4. Bd3 Nbd7 5. Nbd2 c5 6. b3 cxd4 7. exd4 Bd6 8.
Bb2 O-O 9. O-O b6 10. Ne5 Bb7 11. Qe2 Re8 12. f4 g6 13. Kh1 Nf8 14. Qf3 a6 15.
h3 Kg7 16. g4 Qe7 17. Rae1 N6d7 18. f5 exf5 19. gxf5 g5 20. Qh5 f6 1/2-1/2

[Event "7th European Individual Senior Champion."]
[Site "Hockenheim, Germany"]
[Date "2007.06.03"]
[Round "2.64"]
[White "Ophoff, Rigobert"]
[Black "Abolina, Arija-solveiga"]
[Result "1/2-1/2"]
[WhiteElo "2062"]
[BlackElo "1870"]
[PlyCount "32"]
[EventDate "2007.??.??"]

1. d4 Nf6 2. c4 e6 3. Nf3 Bb4+ 4. Bd2 c5 5. Nc3 Nc6 6. dxc5 Bxc5 7. e3 O-O 8.
Be2 d5 9. cxd5 exd5 10. O-O d4 11. exd4 Nxd4 12. Nxd4 Bxd4 13. Bf3 Be6 14. Qc2
Nd5 15. Nxd5 Bxd5 16. Bxd5 Qxd5 1/2-1/2

[Event "7th European Individual Senior Champion."]
[Site "Hockenheim, Germany"]
[Date "2007.06.03"]
[Round "2.65"]
[White "Kornath, Heinrich"]
[Black "Born, Bernd-Ludger Dr"]
[Result "1-0"]
[WhiteElo "1838"]
[BlackElo "2060"]
[PlyCount "141"]
[EventDate "2007.??.??"]

1. e4 e6 2. d4 d5 3. Nd2 Nf6 4. e5 Nfd7 5. c3 c5 6. Bd3 Nc6 7. Ndf3 cxd4 8.
cxd4 f6 9. exf6 Nxf6 10. Ne2 Bd6 11. O-O O-O 12. b3 Nb4 13. Bb1 Qc7 14. a3 Nc6
15. h3 e5 16. dxe5 Nxe5 17. Nxe5 Bxe5 18. Ra2 Qf7 19. Be3 Be6 20. Bd4 Bd6 21.
b4 b6 22. Qd3 g6 23. Bxf6 Qxf6 24. Nd4 Bd7 25. Rd1 Rad8 26. Re2 Rde8 27. Ba2
Rxe2 28. Qxe2 Be5 29. Bxd5+ Kh8 30. Nf3 Bb8 31. Qe3 Ba4 32. Bb3 Bf4 33. Qd3 Bc6
34. b5 Bb7 35. a4 Bh6 36. Bd5 Rd8 37. Qe4 Bg7 38. Rd2 Qa1+ 39. Kh2 Bc8 40. Bc6
Rf8 41. Bd7 Qf6 42. Bxc8 Rxc8 43. Rd7 h6 44. Rxa7 Qd6+ 45. g3 Rf8 46. Kg2 Qf6
47. Ra8 Kh7 48. Rxf8 Bxf8 49. Qe5 Kg7 50. Qxf6+ Kxf6 51. Nd2 Ke6 52. Nc4 Bc5
53. a5 bxa5 54. Nxa5 Kd5 55. f4 Ba3 56. Nc6 Kc5 57. Kf3 Kxb5 58. Ne5 g5 59.
fxg5 hxg5 60. Nf7 Kc5 61. Kg4 Kd5 62. Kxg5 Ke6 63. Kg6 Ke7 64. g4 Kf8 65. Nh6
Bc1 66. g5 Bd2 67. h4 Be1 68. h5 Bd2 69. Nf7 Be3 70. h6 Bxg5 71. Nxg5 1-0

[Event "7th European Individual Senior Champion."]
[Site "Hockenheim, Germany"]
[Date "2007.06.03"]
[Round "2.66"]
[White "Jahr, Dieter"]
[Black "Kuhn, Arno"]
[Result "1-0"]
[WhiteElo "2059"]
[BlackElo "1863"]
[PlyCount "59"]
[EventDate "2007.??.??"]

1. c4 e5 2. Nc3 Nf6 3. e4 Bc5 4. g3 d6 5. Bg2 c6 6. h3 Be6 7. d3 Nbd7 8. Nge2
Rb8 9. O-O O-O 10. a3 h6 11. Kh2 Nh7 12. f4 f5 13. exf5 Bxf5 14. g4 Be6 15. f5
Bf7 16. b4 Bd4 17. Nxd4 exd4 18. Ne2 c5 19. bxc5 dxc5 20. Bf4 Re8 21. Bxb8
Qxb8+ 22. Kg1 Re3 23. Nf4 b6 24. Nd5 Ng5 25. Nxe3 dxe3 26. h4 Nh7 27. Qf3 Qe5
28. Rae1 Qd4 29. Qxe3 Qxg4 30. Rf4 1-0

[Event "7th European Individual Senior Champion."]
[Site "Hockenheim, Germany"]
[Date "2007.06.03"]
[Round "2.68"]
[White "Bue, Gunnar"]
[Black "Eidelmann, Vova"]
[Result "1/2-1/2"]
[WhiteElo "1813"]
[BlackElo "2047"]
[PlyCount "37"]
[EventDate "2007.??.??"]

1. d4 Nf6 2. c4 c5 3. e3 e6 4. Nf3 Be7 5. Bd3 O-O 6. O-O b6 7. Nc3 Bb7 8. b3
Nc6 9. Bb2 Nb4 10. Bb1 cxd4 11. exd4 d5 12. a3 Na6 13. Bd3 Nc7 14. Rc1 Rc8 15.
Re1 Nfe8 16. Ne5 Nd6 17. Qe2 Ne4 18. Nd1 Re8 19. f3 {
rest der partie unleserlich} 1/2-1/2

[Event "7th European Individual Senior Champion."]
[Site "Hockenheim, Germany"]
[Date "2007.06.03"]
[Round "2.69"]
[White "Sinchurina, Tatiana"]
[Black "Mann, Guenter"]
[Result "1-0"]
[WhiteElo "2047"]
[BlackElo "1823"]
[PlyCount "82"]
[EventDate "2007.??.??"]

1. d4 e5 2. dxe5 Nc6 3. Nf3 Qe7 4. Qd5 f6 5. exf6 Nxf6 6. Qb3 d5 7. a3 Ne5 8.
Nxe5 Qxe5 9. Qe3 Bd6 10. f3 O-O 11. Qxe5 Bxe5 12. c3 Bf5 13. g4 Bc2 14. Bg2 Nd7
15. O-O Nc5 16. f4 Be4 17. Bxe4 dxe4 18. Be3 Nb3 19. Ra2 Bd6 20. Nd2 Nxd2 21.
Bxd2 Bc5+ 22. Kg2 Rad8 23. b4 Bd6 24. Be3 Rf7 25. g5 Rdf8 26. Kg3 Rf5 27. h4 h6
28. Kg4 hxg5 29. hxg5 Kh7 30. Raa1 Kg6 31. c4 b6 32. Rad1 Be7 33. Rh1 Bd6 34.
Rd5 Rxd5 35. cxd5 Rf5 36. Rd1 a5 37. bxa5 bxa5 38. a4 Bb4 39. Rd4 Bc5 40. Rxe4
Bxe3 41. Re6+ Kf7 1-0

[Event "7th European Individual Senior Champion."]
[Site "Hockenheim, Germany"]
[Date "2007.06.03"]
[Round "2.70"]
[White "Schuller, Erhard"]
[Black "Bayer, Wolfgang Dr"]
[Result "0-1"]
[WhiteElo "1791"]
[BlackElo "2045"]
[PlyCount "76"]
[EventDate "2007.??.??"]

1. e4 c5 2. Nf3 g6 3. d4 cxd4 4. Nxd4 Bg7 5. c3 Nc6 6. Nxc6 bxc6 7. Bd3 Nf6 8.
O-O O-O 9. Be3 d5 10. Nd2 Qc7 11. f3 Rd8 12. Qe2 e5 13. Bf2 Be6 14. Rfe1 Rab8
15. b3 Qd7 16. exd5 Qxd5 17. Bc4 Qxd2 18. Qxd2 Rxd2 19. Bxe6 fxe6 20. Rxe5 Ng4
21. Be1 Rxg2+ 22. Kxg2 Nxe5 23. Bg3 Rf8 24. Re1 Nd3 25. Rxe6 Bxc3 26. Rxc6 Be5
27. Ra6 Rf7 28. Re6 Nf4+ 29. Bxf4 Bxf4 30. Re4 Bd2 31. Re2 Bb4 32. h3 Rd7 33.
Kf2 Rd2 34. Rxd2 Bxd2 35. Ke2 Bb4 36. Kd3 a5 37. Kc4 Kf7 38. Kb5 Kf6 0-1

[Event "7th European Individual Senior Champion."]
[Site "Hockenheim, Germany"]
[Date "2007.06.03"]
[Round "2.71"]
[White "Preuss, Flemming"]
[Black "Wibe, Per H"]
[Result "1-0"]
[WhiteElo "2045"]
[BlackElo "1808"]
[PlyCount "81"]
[EventDate "2007.??.??"]

1. e4 c5 2. Nc3 d6 3. g3 Nc6 4. Bg2 g6 5. d3 Bg7 6. f4 e6 7. Nf3 Nge7 8. O-O f5
9. Be3 Nd4 10. Qd2 O-O 11. Nd1 Nxf3+ 12. Bxf3 Nc6 13. c3 e5 14. Bg2 Rb8 15. Nf2
Be6 16. Nh3 Qe7 17. Ng5 Bd7 18. Rae1 Rbe8 19. h4 Qd8 20. exf5 gxf5 21. Bd5+ Kh8
22. Nf7+ Rxf7 23. Bxf7 Rf8 24. Bd5 b6 25. Qg2 Ne7 26. Bf3 Rg8 27. Kh2 Bf6 28.
Qf2 Ng6 29. Bd5 Rg7 30. h5 exf4 31. Bxf4 Ne5 32. Qe2 Ng4+ 33. Kg2 Be5 34. h6
Nxh6 35. Bxe5 dxe5 36. Qxe5 Ng4 37. Qd6 Nf6 38. Rxf5 Qc8 39. Rxf6 Bh3+ 40. Kh2
Qg4 41. Rf8+ 1-0

[Event "7th European Individual Senior Champion."]
[Site "Hockenheim, Germany"]
[Date "2007.06.03"]
[Round "2.73"]
[White "Mertens, Gottfried"]
[Black "Yusym, Anatoly"]
[Result "1-0"]
[WhiteElo "2035"]
[BlackElo "1759"]
[PlyCount "77"]
[EventDate "2007.??.??"]

1. f4 Nf6 2. Nf3 d6 3. b3 Nc6 4. Bb2 Bg4 5. e3 e5 6. h3 Bxf3 7. Qxf3 e4 8. Bxf6
Qxf6 9. Qxe4+ Be7 10. Nc3 Qh4+ 11. Kd1 O-O 12. Bd3 Rae8 13. Qf3 Qf6 14. Rb1 Nb4
15. Nd5 Nxd5 16. Qxd5 c6 17. Qf3 d5 18. Qh5 h6 19. Qf3 Bd6 20. c3 Re7 21. Kc2
a5 22. h4 g6 23. g4 g5 24. hxg5 hxg5 25. Rh5 Re5 26. Rbh1 gxf4 27. Bf5 Rfe8 28.
exf4 Re2 29. Qh3 Kf8 30. Qd3 Kg8 31. g5 Rxd2+ 32. Kxd2 Bxf4+ 33. Kc2 Qe5 34.
Rh8+ Qxh8 35. Rxh8+ Kxh8 36. Qh3+ Kg8 37. Qh7+ Kf8 38. g6 Re2+ 39. Kd1 1-0

[Event "7th European Individual Senior Champion."]
[Site "Hockenheim, Germany"]
[Date "2007.06.03"]
[Round "2.74"]
[White "Thonig, Manfred"]
[Black "Semmler, Guenter"]
[Result "0-1"]
[WhiteElo "1755"]
[BlackElo "2030"]
[PlyCount "70"]
[EventDate "2007.??.??"]

1. f4 d5 2. d4 Nf6 3. Nf3 g6 4. e3 Bg7 5. Bd3 c5 6. b3 O-O 7. O-O b6 8. c4 Bb7
9. Nbd2 Nc6 10. a3 dxc4 11. Nxc4 cxd4 12. e4 b5 13. Ncd2 Qb6 14. b4 Ng4 15. Nb3
Ne3 16. Qe2 Nxf1 17. Qxf1 a6 18. Nc5 Rad8 19. e5 Bc8 20. Bb2 f6 21. e6 Rd6 22.
Re1 Bh6 23. g3 f5 24. Qf2 Rfd8 25. Ng5 Bxg5 26. fxg5 a5 27. g4 axb4 28. Nd7
Bxd7 29. exd7 R6xd7 30. gxf5 Qc5 31. fxg6 Qxg5+ 32. Kh1 hxg6 33. Rg1 Qd5+ 34.
Rg2 Ne5 35. Qf5 Qxg2+ 0-1